| 000 | 02078nam a22003374i 4500 | ||
|---|---|---|---|
| 999 |
_c64382 _d64382 |
||
| 001 | Rebiun06967094 | ||
| 003 | CO-MdFUSB | ||
| 005 | 20180814095830.0 | ||
| 008 | 100101s1981 sp 000 spa|c | ||
| 020 | _a8429306021 | ||
| 040 |
_aCO-MdFUSB _bspa _cCO-MdFUSB _dCO-MdFUSBC _erda |
||
| 041 | 0 | _aspa | |
| 080 | _a223.9.07 | ||
| 082 |
_223 _a223.907 _bC885 |
||
| 100 |
_aCraghan, John F. _eautor |
||
| 240 | _aOld Testament Reading Guide : The Song of Song and The Book of Wisdom | ||
| 245 | 0 | 3 |
_aEl Cantar de los Cantares y el Libro de la Sabiduria _c/ John F. Craghan ; traductor Juan Carlos Rodríguez Herranz |
| 264 | 1 |
_aSantander, España : _bEditorial Sal Terrae, _c℗1981 |
|
| 264 | 4 | _c©1981 | |
| 300 |
_a205 páginas ; _c17 cm |
||
| 336 |
_2rdacontent _atexto _btxt |
||
| 337 |
_2rdamedia _asin mediación _bn |
||
| 338 |
_2rdacarrier _avolumen _bnc |
||
| 490 | 1 | _aConoce la biblia : Antiguo Testamento. | |
| 505 |
_aIntroducción -- Texto y comentario -- Título (1,1) -- Sección primera (1,2-6) -- Sección segunda (19,7 - 2,7) -- Sección tercera (2,8-17) -- Sección cuarta (3,1-11) --Sección quinta (4,1 - 5,1) --Sección sexta (5,2 - 6,3) Sección séptima (6,4 - 12) Sección octava (7,1 - 8,4) Sección novena (8,5-14) -- Introducción -- Texto y comentario -- La inmortalidad como premio de la sabiduría (1,1 - 6,21) -- Naturaleza de la sabiduría y plegaria de Salomón (6,22 - 9,18) -- La plegaria de Salomón (9,1-18) -- La sabiduría salva a sus seguidores (10,1 - 11,1) -- Especial providencia de Dios durante el Éxodo (11,2 -19-22) -- Conclusión (19,22). _tEl cantar de los cantares. -- _tEl libro de la sabiduría. -- _tTexto del Leccionario. -- _tAyuda para el estudio y temas de discusión del cantar de los cantares. -- _tAyudas para el estudio y temas de discusión del libro de la sabiduría. -- _tAbreviaturas. |
||
| 630 | 0 | 7 |
_aBiblia. _pCantares |
| 630 | 0 | 7 |
_aBiblia. _pLibros Poéticos |
| 700 | 0 |
_aRodríguez Herranz, Juan Carlos _etraductor |
|
| 830 |
_aConoce la Biblia : Antiguo Testamento _vNo. 29 |
||
| 942 | _cBK | ||